Регионална библиотека "Любен Каравелов" - Русе

Богат татко, беден татко (Запис номер 100850)

MARC детайли
000 -Лидер
Контролно поле с фиксирана дължина 02226nam a2200433 c 4500
003 - Код на организацията, давaща контролен номер
Контролно поле BLK
005 - Дата и час на последна редакция
Контролно поле 20250801125849.0
008 - Елементи от данни с фиксирана дължина
fixed length control field 180409b bul|||||r ||||||| ||bul||
010 ## - Наследен системен номер
LC control number KNG00105878000
020 ## - Международен стандартен номер на книга ISBN
Международен стандартен номер на книга ISBN 954-9882-19-5
040 ## - Източник на каталожния запис
Идентификатор на билиотеката - собственик на записа BLK
041 ## - Код за език
Код за езика на текст/звукозапис или на отделно заглавие Български
Код за езика КДБФ Български
080 ## - УДК
Текстов определител УДК Икономическа психология. Икономическо поведение. Физиологични и психологични елементи. Интереси. Икономически дух
УДК код - определител по УДК 330.16
УДК - код + определител 330.16
080 ## - УДК
Текстов определител УДК Пари. Банково дело. Борса. Валутен борд. Вж и 347.73 ; 368
УДК код - определител по УДК 336.7
УДК - код + определител 336.7
080 ## - УДК
Текстов определител УДК Етика на бизнеса. Успех
УДК код - определител по УДК 174.4
УДК - код + определител 174.4
100 1# - Редна дума - Автор
Автор Кийосаки, Робърт
Авторска отговорност първи автор
R(LIN) 374208
139 ## - Редно поле
Редна дума Кийосаки, Робърт и др.
Авторски знак Кес - К 53
245 10 - Сведения за заглавието
Заглавие Богат татко, беден татко
Подзаглавни данни уроците за парите, на които богатите учат децата си, а бедните и средната класа - не !
Редно поле (дума) Робърт Кийосаки; съавт. Шарън Л. Лехтър; прев. от англ. Красимира Матева.
260 ## - Област на издателските данни
Място на издаване, разпространение и проч. София
Име на издателя, разпространителя и проч. Анхира
Година на издаване 2002
Печатница София : Максла
300 ## - Физическа характеристика
Страници 192 с.
Размери/Мащаб 23 см
380 ## - Жанр
Жанр Обществени науки
500 ## - Общи забележки
Забележка Ориг. загл. Rich Dad, Poor Dad / Robert T. Kiyosaki, Sharon L. Lechter. - Съдържа и за авторите. - Доп. тир. 2014
650 #4 - Допълнително описание по предмет – тема
Основно описание – тема или топоним Бизнес - психологични и етични проблеми
9 (RLIN) 256038
650 #4 - Допълнително описание по предмет – тема
Основно описание – тема или топоним Икономическо поведение
9 (RLIN) 245306
650 #4 - Допълнително описание по предмет – тема
Основно описание – тема или топоним Пари
9 (RLIN) 165704
650 #4 - Допълнително описание по предмет – тема
Основно описание – тема или топоним Инвестиции
9 (RLIN) 157148
653 ## - Ключова дума – ненормативна
Ключова дума бизнес
653 ## - Ключова дума – ненормативна
Ключова дума етика
653 ## - Ключова дума – ненормативна
Ключова дума инвестиции
700 1# - Други автори (авторска отговорност)
Лично име Лехтър, Шарън Л.
Автороска отговорност (Описва отношението между автора и произведението) съавт.
9 (RLIN) 88603
700 1# - Други автори (авторска отговорност)
Лично име Матева, Красимира
Автороска отговорност (Описва отношението между автора и произведението) прев. от англ.
9 (RLIN) 363624
852 ## - Местоположение
Форматна сигнатура Цб 214732
856 4# - Електронен адрес и достъп
Електронен формат pdf - файл
856 4# - Електронен адрес и достъп
Електронен формат pdf - файл
942 ## - АРТИКУЛИ
Вид на библиотечния материал Книги
Скрит в OPAC Не
Koha issues (borrowed), all copies 22
944 ## - СЪЗДАВАНЕ И РЕДАКЦИЯ на ЗАПИСА
Създаване/Редакция Създаване
Дата на регистрацията/редакция 01.01.2002
Статус, дата на статуса Русанова Ирена
Служител, извършил регистрацията/редакцията 30542
944 ## - СЪЗДАВАНЕ И РЕДАКЦИЯ на ЗАПИСА
Създаване/Редакция Редакция
Дата на регистрацията/редакция 16.09.2016
Статус, дата на статуса ф /
Служител, извършил регистрацията/редакцията Людмила_Стоянова
999 ## - СИСТЕМНИ КОНТРОЛНИ НОМЕРА
Koha biblionumber 100850
Koha biblioitemnumber 100850
999 ## - СИСТЕМНИ КОНТРОЛНИ НОМЕРА
Koha biblioitemnumber 100850
Наличности
Код за отписване Код за изгубен артикул Код за повреда Коз за рестрикции Код за отдаване Артикулен № Име на библиотеката - собственик Име на библиотеката, в която се намира в момента Статус (Текущо местоположение) Дата на вписване в системата Местоположение - отдел Цена в лева Инвентарен номер Систематично азбучна сигнатура Баркод Номер на екземпляра Цена в евро Служебна бележка Служебен тип на артикула Източник на класификационната схема
  Не е изгубен Не е повреден без рестрикции ползва се в читалня 162313 Регионална библиотека "Любен Каравелов" Русе Регионална библиотека "Любен Каравелов" Русе Хранилище 2003-04-22 Хранилище 0.00 120000675942 Цб 214732 120000675942 1 0.00 Дост: Dp Вид: Д N: 26 Дата: 19.06.2002 Книги  
Изтеглен Не е изгубен Не е повреден без рестрикции заемане за дома 162314 Регионална библиотека "Любен Каравелов" Русе Регионална библиотека "Любен Каравелов" Русе Заемна - подръчен фонд 2003-06-18 Заемна - подръчен фонд 7.00 120000676898 П 330.16/К 53 120000676898 2 3.58 Дост: Pk Вид: Ф N: 15585 Дата: 12.06.2003 Книги Universal Decimal Classification
  Не е изгубен Не е повреден без рестрикции заемане за дома 162315 Регионална библиотека "Любен Каравелов" Русе Регионална библиотека "Любен Каравелов" Русе Заемна - подръчен фонд 2012-05-23 Заемна - подръчен фонд 10.00 120000757760 П 330.16/К 53 120000757760 3 5.11 Дост: Pk Вид: Ф N: 279 Дата: 09.05.2012 Дата инв: 05.02.2018 Бележки инв: П2018 Книги  
  Не е изгубен Не е повреден без рестрикции заемане за дома 302290 Регионална библиотека "Любен Каравелов" Русе Регионална библиотека "Любен Каравелов" Русе Заемна - подръчен фонд 2015-10-28 Заемна - подръчен фонд 7.80 120000794171 П 330.16/К 53 120000794171 1 3.99 Дост: Pk Вид: Ф N: 551 Дата: 15.10.2015 Книги Universal Decimal Classification
  Не е изгубен Не е повреден без рестрикции заемане за дома 302291 Регионална библиотека "Любен Каравелов" Русе Регионална библиотека "Любен Каравелов" Русе Заемна - подръчен фонд 2015-10-28 Заемна - подръчен фонд 7.80 120000794172 П 330.16/К 53 120000794172 2 3.99 Дост: Pk Вид: Ф N: 551 Дата: 15.10.2015 Дата инв: 05.02.2018 Бележки инв: П2018 Книги Universal Decimal Classification
  Не е изгубен Не е повреден само за читалня ползва се в читалня 302292 Регионална библиотека "Любен Каравелов" Русе Регионална библиотека "Любен Каравелов" Русе Хранилище 2016-06-21 Хранилище 10.00 120000801302 Цб 277735 120000801302 3 5.11 Дост: DA Вид: А N: 23 Дата: 21.06.2016 Книги Universal Decimal Classification
Vip Innovations Ltd, Rousse, Bulgaria 2025